000 00708nam a2200217Ii 4500
003 JO-AjNU
008 230605s9999||||xx |||||||||||||| ||und||
017 _a2007/9/3006
040 _aJO-AjNU
_bara
_erda
_cJO-AjNU
041 _aara
050 1 4 _aQA76.M3338 2008
100 3 _aعيسى عبد الحكيم/ م مشارك عماد ابو الرب ,
_eauthor
_927373
245 0 0 _aمهارات الحاسوب
250 _aط2
264 3 1 _aعمان:دار المسيرة، 2008
300 _a604ص
336 _atext
_btxt
_2rdacontent
337 _aunmediated
_bn
_2rdamedia
338 _avolume
_bnc
_2rdacarrier
650 4 _aالحواسيب -علم الحاسوب-برامج الحاسوب
_927374
999 _aA10490
_c14058
_d14058